MARC

LEADER 00000nam0a2200000 4500
001 43184
005 20231101210811.0
035 |a (RuTPU)RU\TPU\book\44625 
090 |a 43184 
100 |a 20020930d1976 km y0rusy50 ca 
101 0 |a rus 
102 |a RU 
105 |a a g 001zy 
200 1 |a Технология обогащения углей  |e справочное пособие  |f Т. Г. Фоменко, В. С. Бутовецкий, Е. М. Погарцева 
210 |a Москва  |c Недра  |d 1976 
215 |a 303 с.  |c ил. 
320 |a Библиогр.: с. 299-300 
320 |a Предм. указ.: с. 296-298 
606 1 |a Уголь  |x Обогащение  |2 stltpush  |3 (RuTPU)RU\TPU\subj\62475  |9 79550 
610 1 |a углеобогащение 
610 1 |a технология 
610 1 |a справочники 
610 1 |a угли 
675 |a 622.7:622.333(035)  |v 4 
700 1 |a Фоменко  |b Т. Г.  |g Тимофей Григорьевич 
701 1 |a Бутовецкий  |b В. С.  |g Вильям Самуилович 
701 1 |a Погарцева  |b Е. М.  |g Евгения Михайловна 
801 1 |a RU  |b 63413507  |c 20020930  |g PSBO 
801 2 |a RU  |b 63413507  |c 20180302  |g RCR 
900 |a Основы технологии разработки и переработки минерального сырья 
900 |a Основы технологии разработки месторождений полезных ископаемых 
942 |c BK